000 00428nam a2200169 i 4500
001 bg
100 1 _aDYER, John R.
245 1 0 _aSpektroskopia absorpcyjna w chemii organicznej /
_cJohn R. Dyer.
260 _aWarszawa :
_bPWN,
_c1967.
650 9 _aSpektroskopia
650 9 _aChemia organiczna
040 _cBPK
041 1 _apol
_heng
080 _a543.42:547
942 _cKS
008 s pl f |000 0 pol
999 _c10596
_d10596
856 _uhttp://koha.tu.koszalin.pl/cgi-bin/koha/opac-detail.pl?biblionumber=10596
_yKatalog online BPK